000 00515nam a2200169 a 4500
001 5739
003 CO-ViMGA
008 141112s2004 ck r 000 u spa d
040 _aCO-ViMGA
_bspa
_cCO-ViMGA
082 0 4 _a728.6 V484
245 1 0 _aVivienda en Buenaventura :
_btecnologia de pandes estructurales en madera
260 _aBogotá :
_bB.C.H Junta del acuerdo de Cartagena,
_c1987
300 _a113 p : il
650 1 4 _aVIVIENDA - CONSTITUCION
_94216
650 1 4 _aVIVIENDAS EN MADERA
_94217
942 _2ddc
_cBK
999 _c17720
_d17720